000 00310nam a2200121Ia 4500
008 230303s9999 xx 000 0 und d
041 _aeng
082 _a621.3192`4 MUL
100 _aMULLIN (RAY C.) SMITH (ROBERT L.)
245 _aElectrical Wiring Commercial
260 _aNEW YORK
_bDELMAR H
365 _cRS
999 _c180043
_d180043